000 00406nam a2200157Ia 4500
008 230312s9999||||xx |||||||||||||| ||und||
020 _a81-8281-089-2
082 _a330
_bJHI-E
100 _aJhingan,M.L
245 0 _aEconomics of Development and Planning
260 _bVrinda Publications
_aIndia
_c2009
300 _a689
546 _aEng.
650 _aEconomics
_vDevelopment and Planning
942 _cBK
999 _c6502
_d6502